|
|
|
|
| LEADER |
00000nab a2200000 a 4500 |
| 001 |
vtls000691434 |
| 003 |
SK-MaSNL |
| 005 |
20260303043629.0 |
| 008 |
160314c1999 xo 0 slo |
| 015 |
|
|
|a SNBRB1999/04-10221
|
| 035 |
|
|
|a CLN000043601
|
| 040 |
|
|
|a SNKBUCL
|b slo
|c SNKBUCL
|e AACR2
|
| 041 |
0 |
|
|a slo
|
| 044 |
|
|
|a xo
|c SK
|
| 080 |
|
|
|a 82:929:885.4
|2 UDC-MRF-SK2
|
| 080 |
|
|
|a 885.4:929
|2 UDC-MRF-SK2
|
| 080 |
|
|
|a 929 Tomášik, Samuel
|2 UDC-MRF-SK2
|
| 100 |
1 |
|
|a Oľha, Štefan,
|d 1936-2009
|4 aut
|9 110776
|
| 245 |
1 |
0 |
|a Slováci, ešte naša reč žije!
|b gemerčan Samo Tomášik - autor hymny všetkých Slovanov
|n (I.)
|c Štefan Oľha
|
| 300 |
|
|
|b Fotogr.
|
| 500 |
|
|
|a Začiatok
|
| 600 |
1 |
7 |
|a Tomášik, Samo,
|d 1813-1887
|2 snkbucl
|9 256391
|
| 773 |
0 |
|
|t Slovenská republika
|g Roč. 7, č. 84 (13.4.1999), s. 9
|
| 850 |
|
|
|a Slovenská národná knižnica v Martine
|
| 852 |
|
|
|a SNK
|b KIS3GCP
|
| 958 |
|
|
|a BX
|
| 958 |
|
|
|a LX
|
| 958 |
|
|
|a SK
|
| 958 |
|
|
|a RBX
|
| 999 |
|
|
|c 1697656
|d 1699586
|